000 00933nam a22003137a 4500
003 CHAP
005 20220329141428.0
008 971013s1976 uk a r 00010 eng d
010 _a68009
011 _a68981
035 _a78455
040 _cCHAP
082 0 0 _a589.9
_bG5 1976
100 0 0 _aGillies, R. R.
_948038
245 1 _aBacteriology illustrated
250 _a4 ed.
260 _aEdinburgh :
_bChurchill Livingstone,
_c1976
300 _a247 p.
_b: ilus.
590 _aBATCH-UPD
_b10
_c20130110
_lUCH01
_h0444
590 _aBATCH-UPD
_b10
_c20130111
_lUCH01
_h0004
590 _aBATCH-UPD
_b10
_c20130410
_lUCH01
_h0121
590 _aBATCH-UPD
_b10
_c20130914
_lUCH01
_h0521
590 _aCONVERSION
_b10
_c20130109
_lUCH01
_h1337
650 1 4 _aBacteriología.
_99330
700 0 _aDodds, T. C.
_933307
901 _aBK
942 _cLIBRO
949 _a589.9 G5 1976
_bBC
_cLIBRO
_d33724002063280
_eLIBRO
_h50690
_i78455
_si
_t600.00
999 _c68009
_d68009